Informe del Instituto Nacional de Previsión sobre la constitución de un montepío diplomático. (Record no. 124860)

MARC details
000 -LEADER
campo de control de longitud fija 00792nam a2200205 i 4500
001 - NÚMERO DE CONTROL
campo de control 124860
003 - IDENTIFICADOR DE NÚMERO DE CONTROL
campo de control ES-MaACL
005 - FECHA Y HORA DE LA ÚLTIMA TRANSACCIÓN
campo de control 20230906192518.0
007 - CAMPO FIJO DE DESCRIPCIÓN FÍSICA--INFORMACIÓN GENERAL
campo de control de longitud fija t|
008 - DATOS DE LONGITUD FIJA--INFORMACIÓN GENERAL
campo de control de longitud fija 070423s1931 sp ||||1| spa d
110 2# - ENTRADA PRINCIPAL--NOMBRE DE ENTIDAD CORPORATIVA
Nombre de entidad corporativa o nombre de jurisdicción como elemento de entrada Instituto Nacional de Previsión (España)
9 (RLIN) 5180
245 10 - MENCIÓN DEL TÍTULO
Título Informe del Instituto Nacional de Previsión sobre la constitución de un montepío diplomático.
260 ## - PUBLICACIÓN, DISTRIBUCIÓN, ETC.
Lugar de publicación, distribución, etc. Madrid :
Nombre del editor, distribuidor, etc. [s.n.],
Fecha de publicación, distribución, etc. 1931 (
Fabricante Imp. y Enc. de los Sobrinos de la Sucesora de M. Minuesa de los Ríos)
300 ## - DESCRIPCIÓN FÍSICA
Extensión 23 p. ;
Dimensiones 21 cm.
490 1# - MENCIÓN DE SERIE
Mención de serie Publicaciones del Instituto Nacional de Previsión ;
Designación de volumen o secuencia 298
650 #4 - PUNTO DE ACCESO ADICIONAL DE MATERIA--TÉRMINO DE MATERIA
Término de materia o nombre geográfico como elemento de entrada Mutualidades-
Subdivisión geográfica España.
9 (RLIN) 162717
830 1# - PUNTO DE ACCESO ADICIONAL DE SERIE-TÍTULO UNIFORME
Título uniforme Publicaciones del Instituto Nacional de Previsión ;
Designación de volumen o secuencia 298
9 (RLIN) 181151
852 ## - LOCALIZACIÓN
Ubicación ES-MaACL
Número de control de estantería C-12629(10)
Holdings
Estatus retirado Estado de pérdida Estado de daño No para préstamo Biblioteca de origen Biblioteca actual Ubicación en estantería Fecha de adquisición Fuente de adquisición Total de préstamos Signatura topográfica completa Código de barras Visto por última vez Precio de reemplazo Tipo de ítem Koha
        Biblioteca del Ateneo de Madrid Biblioteca del Ateneo de Madrid Sala Palomar 17/01/2008     C-12629(10) 1130091 23/02/2023 23/02/2023 Libro impreso